LDR 01048naa#a2200193#i#450# 001 RU\\bibl\120132 005 20260603084240.3 011 ## _a2500-4026 100 ## _a20220930b2022####ek#y0rusy0150####ca 101 0# _aRUS 102 ## _aRU 200 1# _aПРИМЕНЕНИЕ МЕТОДОВ ПРОГРАММНО-ЦЕЛЕВОГО ПЛАНИРОВАНИЯ ДЛЯ СОВЕРШЕНСТВОВАНИЯ ОРГАНИЗАЦИИ И ОСУЩЕСТВЛЕНИЯ ПОЖАРОТУШЕНИЯ _eЖурнальная статья 210 1# _aЖелезногорск _cФГБОУ ВО Сибирская пожарно-спасательная академия ГПС МЧС России _d2022 215 ## _a8 с. 608 ## _aЖурнальная статья _2local 675 ## _aИзвещение о пожаре. Пожарная тревога. Техника и тактика тушения пожара. Организация тушения пожара. 614.842 _zRUS 700 #1 _aВласов _gК С 700 #1 _aПорошин _gА А 856 4# _avestnik-sibpsa.editorum.ru _u